Hauptstädte von Ländern mit mehr als einer Hauptstadt - Statistiken

Allgemein
  • Dieses Quiz wurde 243 mal gespielt
  • Das Durchschnittsergebnis liegt bei 16 aus 33
Antwortstatistiken
Land Hauptstädte % Korrekt
Niederlande Amsterdam
95%
Chile Santiago
93%
Südafrika Kapstadt
89%
Südafrika Pretoria
87%
Bolivien La Paz
85%
Niederlande Den Haag
83%
Bolivien Sucre
83%
Malaysia Kuala Lumpur
81%
Jemen Sana'a
77%
Montenegro Podgorica
76%
Tansania Dodoma
67%
Sri Lanka Colombo
66%
Honduras Tegucigalpa
63%
Sri Lanka Sri Jayawardenepura Kotte
59%
Benin Porto-Novo
58%
Südafrika Bloemfontein
56%
Elfenbeinküste Yamoussoukro
55%
Eswatini Mbabane
54%
Burundi Gitega
47%
Tansania Dar es Salaam
46%
Myanmar Naypyidaw
46%
Jemen Aden
36%
Burundi Bujumbura
36%
Elfenbeinküste Abidjan
34%
Benin Cotonou
29%
Myanmar Yangon
17%
Chile Valparaiso
15%
Eswatini Lobamba
4%
Westsahara Laayoune
3%
Malaysia Putrajaya
3%
Westsahara Tifariti
3%
Montenegro Cetinje
2%
Honduras Comayagüela
1%
Keine übereinstimmenden Quizze gefunden
Verteilung der Resultate
Anzahl Personen mit jedem Resultat
Perzentil nach korrekt beantworteten Fragen
Ihre Resultats-Entwicklung
Sie haben dieses Quiz noch nicht gespielt